<?xml version="1.0" encoding="UTF-8"?>
<collection xmlns="http://www.loc.gov/MARC21/slim">
 <record>
  <leader>01852pam a22002658a 4500</leader>
  <controlfield tag="001">00023689</controlfield>
  <controlfield tag="005">20171026081023.0</controlfield>
  <controlfield tag="008">110628s2003                  ||||||Viesd</controlfield>
  <datafield tag="041" ind1="0" ind2="#">
   <subfield code="a">Vie</subfield>
  </datafield>
  <datafield tag="082" ind1="1" ind2="4">
   <subfield code="a">530.071</subfield>
   <subfield code="b">C460H</subfield>
  </datafield>
  <datafield tag="100" ind1="0" ind2="#">
   <subfield code="a">Lê Trọng Tường</subfield>
  </datafield>
  <datafield tag="245" ind1="0" ind2="0">
   <subfield code="a">Cơ học</subfield>
   <subfield code="b">Giáo trình Cao đẳng sư phạm</subfield>
   <subfield code="c">Lê Trọng Tường, Nguyễn Thị Thanh Hương</subfield>
  </datafield>
  <datafield tag="260" ind1="#" ind2="#">
   <subfield code="a">H.</subfield>
   <subfield code="b">Đại học sư phạm</subfield>
   <subfield code="c">2003</subfield>
  </datafield>
  <datafield tag="300" ind1="#" ind2="#">
   <subfield code="a">289 tr.</subfield>
   <subfield code="c">24 cm.</subfield>
  </datafield>
  <datafield tag="500" ind1="#" ind2="#">
   <subfield code="a">Bộ Giáo dục và đào tạo - Dự án đào tạo Giáo viên Trung học cơ sở</subfield>
  </datafield>
  <datafield tag="500" ind1="#" ind2="#">
   <subfield code="a">Sách nhà nước đặt hàng</subfield>
  </datafield>
  <datafield tag="650" ind1="#" ind2="4">
   <subfield code="a">Cơ học</subfield>
  </datafield>
  <datafield tag="653" ind1="#" ind2="#">
   <subfield code="a">Giáo trình</subfield>
  </datafield>
  <datafield tag="700" ind1="0" ind2="#">
   <subfield code="a">Nguyễn Thị Thanh Hương</subfield>
  </datafield>
  <datafield tag="852" ind1="#" ind2="#">
   <subfield code="b">Kho mượn</subfield>
   <subfield code="j">KGT.0005340, KGT.0052507</subfield>
  </datafield>
  <datafield tag="852" ind1="#" ind2="#">
   <subfield code="j">KGT.0005340, KGT.0005341, KGT.0005342, KGT.0005343, KGT.0005344, KGT.0005345, KGT.0005346, KGT.0005347, KGT.0005348, KGT.0005349, KGT.0005350, KGT.0005351, KGT.0005352, KGT.0005353, KGT.0005354, KGT.0005355, KGT.0005356, KGT.0005357, KGT.0005358, KGT.0005359, KGT.0005360, KGT.0005361, KGT.0005362, KGT.0005363, KGT.0005364, KGT.0005365, KGT.0005366, KGT.0005367, KGT.0005368, KGT.0005369, KGT.0005370, KGT.0032566, KGT.0033603</subfield>
   <subfield code="b">Kho giáo trình</subfield>
  </datafield>
  <datafield tag="852" ind1="#" ind2="#">
   <subfield code="j">KGT.0005351</subfield>
   <subfield code="j">KGT.0005352</subfield>
   <subfield code="j">KGT.0005353</subfield>
   <subfield code="j">KGT.0005355</subfield>
   <subfield code="j">KGT.0005356</subfield>
   <subfield code="j">KGT.0005358</subfield>
   <subfield code="j">KGT.0005361</subfield>
   <subfield code="j">KGT.0005363</subfield>
   <subfield code="j">KGT.0005364</subfield>
   <subfield code="j">KGT.0005367</subfield>
   <subfield code="j">KGT.0005370</subfield>
   <subfield code="j">KGT.0005342</subfield>
   <subfield code="j">KGT.0005344</subfield>
   <subfield code="j">KGT.0005347</subfield>
   <subfield code="j">KGT.0005349</subfield>
   <subfield code="j">KGT.0005341</subfield>
   <subfield code="j">KGT.0032566</subfield>
   <subfield code="j">KGT.0033603</subfield>
   <subfield code="j">KGT.0052507</subfield>
   <subfield code="j">KGT.0005345</subfield>
   <subfield code="j">KGT.0005346</subfield>
   <subfield code="j">KGT.0005350</subfield>
   <subfield code="j">KGT.0005359</subfield>
   <subfield code="j">KGT.0005360</subfield>
   <subfield code="j">KGT.0005368</subfield>
   <subfield code="j">KGT.0005369</subfield>
   <subfield code="j">KGT.0005340</subfield>
   <subfield code="j">KGT.0005343</subfield>
   <subfield code="j">KGT.0005348</subfield>
   <subfield code="j">KGT.0005354</subfield>
   <subfield code="j">KGT.0005357</subfield>
   <subfield code="j">KGT.0005362</subfield>
   <subfield code="j">KGT.0005365</subfield>
   <subfield code="j">KGT.0005366</subfield>
   <subfield code="j">KGT.0049182</subfield>
  </datafield>
  <datafield tag="910" ind1="0" ind2="#">
   <subfield code="d">28/06/2011</subfield>
  </datafield>
  <datafield tag="980" ind1="#" ind2="#">
   <subfield code="a">Trung tâm Học liệu Lê Vũ Hùng, Trường Đại học Đồng Tháp</subfield>
  </datafield>
 </record>
</collection>
